Allison Penelope M., Pompeian Households, An Analysis of Material Culture (The Costen Institute of Archaeology, UCLA, Monograph, 42), Los Angeles, University of California, 2004, 1 vol. 21,5 × 28, XVII + 256 p., fig. ds t. (notice n° 1595733)
[ vue normale ]
| 000 -LEADER | |
|---|---|
| fixed length control field | 00653cam a2200145 4500500 |
| 005 - DATE AND TIME OF LATEST TRANSACTION | |
| control field | 20251228073710.0 |
| 041 ## - LANGUAGE CODE | |
| Language code of text/sound track or separate title | fre |
| 042 ## - AUTHENTICATION CODE | |
| Authentication code | dc |
| 100 10 - MAIN ENTRY--PERSONAL NAME | |
| Personal name | Dubouloz, Julien |
| Relator term | author |
| 245 00 - TITLE STATEMENT | |
| Title | Allison Penelope M., Pompeian Households, An Analysis of Material Culture (The Costen Institute of Archaeology, UCLA, Monograph, 42), Los Angeles, University of California, 2004, 1 vol. 21,5 × 28, XVII + 256 p., fig. ds t. |
| 260 ## - PUBLICATION, DISTRIBUTION, ETC. | |
| Date of publication, distribution, etc. | 2005.<br/> |
| 500 ## - GENERAL NOTE | |
| General note | 7 |
| 786 0# - DATA SOURCE ENTRY | |
| Note | Revue archéologique | 40 | 2 | 2005-09-01 | p. 365ze-437ze | 0035-0737 |
| 856 41 - ELECTRONIC LOCATION AND ACCESS | |
| Uniform Resource Identifier | <a href="https://shs.cairn.info/revue-archeologique-2005-2-page-365ze?lang=fr&redirect-ssocas=7080">https://shs.cairn.info/revue-archeologique-2005-2-page-365ze?lang=fr&redirect-ssocas=7080</a> |
Pas d'exemplaire disponible.




Réseaux sociaux